000 00685nam a2200169 a 4500
005 20140130114231.0
008 140130b2008 ck ||||| |||| 00| 0 spa d
041 _aspa
044 _ack
090 _aIAVH
_b01250
100 _aCardona Gutiérrez, Carlos Andrés
_96035
245 _aIdentificación de elementos del paisaje rural cafetero del municipio del Cairo (Valle del Cauca) con valor de conservación de biodiversidad
_bInforma final
260 _aPalmira
_bInstituto de Investigación de Recursos Biológicos Alexander von Humboldt
_bComité Departamental de cafeteros del Valle del Cauca
_c2008
300 _a73 p.
662 _dEl Cairo
_bValle del Cauca
942 _cImpreso
_2z
999 _c6695
_d6695